Общая и неорганическая химия: учебное пособие

Bibliographic Details
Other Authors: Денисов В. В. Владимир Викторович, Таланов В. М. Валерий Михайлович, Денисова И. А. Ирина Анатольевна, Дрововозова Т. И. Татьяна Ильинична, Животный Г. М. Глеб Михайлович, Луганская И. А. Ирина Анатольевна, Хорунжий Б. И. Борис Иванович
Summary:В пособии излагаются современные представления о строении вещества, периодичности свойств химических элементов и их соединений, химической связи, закономерностях протекания химических процессов, теории и свойствах растворов, поверхностных явлениях, дисперсных системах, комплексных и органических соединениях; рассмотрены основы электрохимии, окислительно-восстановительные реакции, коррозия и защита от коррозии, а также вопросы, связанные с идентификацией веществ. Дано систематическое описание свойств элементов и их соединений.Предназначено для студентов нехимических специальностей и направлений подготовки.
Language:Russian
Published: Ростов-на-Дону, Феникс, 2013
Series:Высшее образование
Subjects:
Format: Book
KOHA link:https://koha.lib.tpu.ru/cgi-bin/koha/opac-detail.pl?biblionumber=232487

MARC

LEADER 00000nam0a2200000 4500
001 232487
005 20231101231156.0
010 |a 9785222206744 
035 |a (RuTPU)RU\TPU\book\253535 
090 |a 232487 
100 |a 20130213d2013 m y0rusy50 ca 
101 0 |a rus 
102 |a RU 
105 |a a j 001zy 
200 1 |a Общая и неорганическая химия  |e учебное пособие  |f В. В. Денисов [и др.] 
210 |a Ростов-на-Дону  |c Феникс  |d 2013 
215 |a 576 с.  |c ил. 
225 1 |a Высшее образование 
320 |a Библиогр.: с. 572-573. 
330 |a В пособии излагаются современные представления о строении вещества, периодичности свойств химических элементов и их соединений, химической связи, закономерностях протекания химических процессов, теории и свойствах растворов, поверхностных явлениях, дисперсных системах, комплексных и органических соединениях; рассмотрены основы электрохимии, окислительно-восстановительные реакции, коррозия и защита от коррозии, а также вопросы, связанные с идентификацией веществ. Дано систематическое описание свойств элементов и их соединений.Предназначено для студентов нехимических специальностей и направлений подготовки. 
606 1 |a Химия общая  |2 stltpush  |3 (RuTPU)RU\TPU\subj\67862  |9 83510 
606 1 |a Неорганическая химия  |2 stltpush  |3 (RuTPU)RU\TPU\subj\67586  |9 83311 
610 1 |a атомы 
610 1 |a строение 
610 1 |a периодический закон 
610 1 |a молекулы 
610 1 |a химическая связь 
610 1 |a химические реакции 
610 1 |a химические растворы 
610 1 |a вода 
610 1 |a электролиты 
610 1 |a гетерогенные дисперсные системы 
610 1 |a окислительно-восстановительные процессы 
610 1 |a электрохимия 
610 1 |a металлы 
610 1 |a коррозия 
610 1 |a комплексные соединения 
610 1 |a химические элементы 
610 1 |a высокомолекулярные соединения 
610 1 |a химическая идентификация 
675 |a 54(075.8)  |v 3 
675 |a 546(075.8)  |v 3 
701 1 |a Денисов  |b В. В.  |g Владимир Викторович 
701 1 |a Таланов  |b В. М.  |g Валерий Михайлович 
701 1 |a Денисова  |b И. А.  |g Ирина Анатольевна 
701 1 |a Дрововозова  |b Т. И.  |g Татьяна Ильинична 
701 1 |a Животный  |b Г. М.  |g Глеб Михайлович 
701 1 |a Луганская  |b И. А.  |g Ирина Анатольевна 
701 1 |a Хорунжий  |b Б. И.  |g Борис Иванович 
801 1 |a RU  |b 63413507  |c 20130213 
801 2 |a RU  |b 63413507  |c 20161013  |g RCR 
942 |c BK 
959 |a 135/20121018  |d 5  |e 448,00  |f ЧЗТЛ:1  |f АНЛ:1  |f УФ:3